<?xml version="1.0" encoding="UTF-8"?>
<record
    xmlns:xsi="http://www.w3.org/2001/XMLSchema-instance"
    xsi:schemaLocation="http://www.loc.gov/MARC21/slim http://www.loc.gov/standards/marcxml/schema/MARC21slim.xsd"
    xmlns="http://www.loc.gov/MARC21/slim">

  <leader>00778nam a2200181   4500</leader>
  <controlfield tag="003">LK-CoMWRAF</controlfield>
  <controlfield tag="005">20240217002449.0</controlfield>
  <controlfield tag="008">231208b        |||||||| |||| 00| 0 eng d</controlfield>
  <datafield tag="020" ind1=" " ind2=" ">
    <subfield code="a">9556250255</subfield>
  </datafield>
  <datafield tag="040" ind1=" " ind2=" ">
    <subfield code="a">LK-CoMWRAF</subfield>
    <subfield code="d">LK-CoMWRAF</subfield>
    <subfield code="e">LK-CoMWRAF</subfield>
  </datafield>
  <datafield tag="041" ind1=" " ind2=" ">
    <subfield code="a">tam</subfield>
  </datafield>
  <datafield tag="082" ind1=" " ind2=" ">
    <subfield code="a">297.5</subfield>
    <subfield code="b">KAT</subfield>
  </datafield>
  <datafield tag="245" ind1=" " ind2=" ">
    <subfield code="a">&#xB95;&#xB9F;&#xBCD;&#xB9F;&#xBC1;&#xBAA;&#xBCD;&#xBAA;&#xBBE;&#xB9F;&#xBC1; &#xB85;&#xBB2;&#xBCD;&#xBB2;&#xBA4;&#xBC1; &#xB9A;&#xBC1;&#xBAF;&#xBBE;&#xBA4;&#xBC0;&#xBA9;&#xBAE;&#xBCD; :</subfield>
    <subfield code="b">&#xBAE;&#xBC1;&#xBB8;&#xBCD;&#xBB2;&#xBC0;&#xBAE;&#xBCD; &#xB9A;&#xB9F;&#xBCD;&#xB9F;&#xBCD;&#xB99;&#xBCD;&#xB95;&#xBB3;&#xBBF;&#xBA9;&#xBCD; &#xB95;&#xBC0;&#xBB4;&#xBCD; &#xBB5;&#xBBE;&#xBB4;&#xBC1;&#xBAE;&#xBCD; &#xBAA;&#xBC6;&#xBA3;&#xBCD;&#xB95;&#xBB3;&#xBCD; &#xB85;&#xBAE;&#xBC8;&#xBAA;&#xBCD;&#xBAA;&#xBBF;&#xBA9;&#xBCD; &#xB85;&#xB9F;&#xBC8;&#xBAF;&#xBBE;&#xBB3;&#xBAE;&#xBC1;&#xBAE;&#xBCD; &#xB85;&#xBA9;&#xBC1;&#xBAA;&#xBB5;&#xBAE;&#xBC1;&#xBAE;&#xBCD; </subfield>
  </datafield>
  <datafield tag="260" ind1=" " ind2=" ">
    <subfield code="a">Colombo :</subfield>
    <subfield code="b">Muslim Women's Research and Action Forum - MWRAF,</subfield>
    <subfield code="c">2004</subfield>
  </datafield>
  <datafield tag="300" ind1=" " ind2=" ">
    <subfield code="a">46 p.</subfield>
  </datafield>
  <datafield tag="700" ind1=" " ind2=" ">
    <subfield code="a">&#xBA8;&#xBC1;&#xBB9;&#xBCD;&#xBAE;&#xBBE;&#xBA9;&#xBCD;, &#xB8E;&#xBAE;&#xBCD;. &#xB8F;. </subfield>
    <subfield code="e">trans.</subfield>
  </datafield>
  <datafield tag="942" ind1=" " ind2=" ">
    <subfield code="c">BK</subfield>
  </datafield>
  <datafield tag="952" ind1=" " ind2=" ">
    <subfield code="0">0</subfield>
    <subfield code="1">0</subfield>
    <subfield code="4">0</subfield>
    <subfield code="7">0</subfield>
    <subfield code="8">RAFP</subfield>
    <subfield code="a">MAIN</subfield>
    <subfield code="b">MAIN</subfield>
    <subfield code="d">2023-12-08</subfield>
    <subfield code="l">0</subfield>
    <subfield code="o">297.5 KAT</subfield>
    <subfield code="p">RAF2935</subfield>
    <subfield code="r">2023-12-08</subfield>
    <subfield code="w">2023-12-08</subfield>
    <subfield code="y">BK</subfield>
  </datafield>
  <datafield tag="952" ind1=" " ind2=" ">
    <subfield code="0">0</subfield>
    <subfield code="1">0</subfield>
    <subfield code="4">0</subfield>
    <subfield code="7">0</subfield>
    <subfield code="8">RAFP</subfield>
    <subfield code="a">MAIN</subfield>
    <subfield code="b">MAIN</subfield>
    <subfield code="d">2023-12-08</subfield>
    <subfield code="l">0</subfield>
    <subfield code="o">297.5 KAT</subfield>
    <subfield code="p">RAF2936</subfield>
    <subfield code="r">2023-12-08</subfield>
    <subfield code="w">2023-12-08</subfield>
    <subfield code="y">BK</subfield>
  </datafield>
  <datafield tag="952" ind1=" " ind2=" ">
    <subfield code="0">0</subfield>
    <subfield code="1">0</subfield>
    <subfield code="4">0</subfield>
    <subfield code="7">0</subfield>
    <subfield code="8">RAFP</subfield>
    <subfield code="a">MAIN</subfield>
    <subfield code="b">MAIN</subfield>
    <subfield code="d">2023-12-08</subfield>
    <subfield code="l">0</subfield>
    <subfield code="o">297.5 KAT</subfield>
    <subfield code="p">RAF2937</subfield>
    <subfield code="r">2023-12-08</subfield>
    <subfield code="w">2023-12-08</subfield>
    <subfield code="y">BK</subfield>
  </datafield>
  <datafield tag="999" ind1=" " ind2=" ">
    <subfield code="c">4316</subfield>
    <subfield code="d">4316</subfield>
  </datafield>
</record>
